000 00527nam a2200169Ia 4500
005 20250508153840.0
008 008 250505s9999 xx 000 0 eng d
037 _aTextual
040 _aFEDL
_beng
_cFEDL
041 _aeng
_2eng
084 _a371.335 23, AME
_qFEDL
245 0 _aStudents make motion pictures : A report on film production in the denver schools
245 0 _cAmerican Council on Education Studies
300 _avii,142p
942 _cTEXL
_h371.335 23, AME
999 _c1345927
_d1345927